| 000 | 01597nab a2200253 i 4500 | ||
|---|---|---|---|
| 001 | 768714001 | ||
| 003 | CO-MdBIC | ||
| 005 | 20260312162946.0 | ||
| 008 | 240521t1973 sp ||||| |||| 00| 0 spa d | ||
| 040 |
_bspa _cCO-MdFUSB _dCO-MdFUSB |
||
| 041 | _aspa | ||
| 100 |
_aVawter, Bruce, _eautor |
||
| 245 | 1 |
_aExpresión de la fe en el culto : _ben el Nuevo Testamento _c/ Bruce Vawter ; traducido por Juan Jose del Moral |
|
| 520 | _aLa experiencia del Nuevo Testamento no pretendía cambiar su propio lenguaje, sino adaptarlo a sus necesidades y preferencias específicas, algunos de los cuales eran especialmente apropiados al marco de la vida litúrgica. Ya sea porque existiera un plan preconcebido, bien por simple afinidad natural, de hecho, el aspecto existencial de este marco se veía favorecido con respecto al escatológico. El hecho de que sea un lenguaje derivado, juntamente con su fácil redacción antes y después de su incorporación a los textos canónicos, nos anima por lo menos a reconocer que en este precedente lo sagrado no es el lenguaje mismo, sino sólo lo que se hace con el lenguaje. | ||
| 630 | 0 | 7 |
_aBiblia. _pNuevo Testamento |
| 650 | 7 |
_aFe _9531 |
|
| 650 | 7 |
_aLiturgia _9206 |
|
| 650 | 7 |
_aEscatología _9213 |
|
| 653 | _aExpresión y experiencia de la fe en el culto | ||
| 700 |
_aMoral, Juan Jose del, _etraductor |
||
| 773 | 0 |
_049450 _982662 _oR2572 _tRevista internacional de teología Concilium _w(CO-MdFUSB)8 _x0210-1041 _gNúmero 82, (febrero, 1973), páginas: 183 - 191 _qpágina: 183 |
|
| 942 | _cANA | ||
| 945 | _aCatherine Arias Alvarez - Practicante SENA | ||
| 999 |
_c69802 _d69802 |
||